Quizzes
Events
Quiz Creation
Community
Videos
Private Events
Remove Ads
Sign In
Join for FREE
Feedback
Dark Mode
Quiz Categories
Sports
Geography
Music
Movies
Television
Just For Fun
Miscellaneous
History
Literature
Language
Science
Gaming
Entertainment
Religion
Holiday
For Kids
Quiz Lab
Recent
Popular Today
Quiz Kudos Today
Editor Picks
Curator Picks
Quizzes by...
Day
Popularity
Type
Ratings
Length
Year
Community
Subscriptions
Recent Discussions
Orange Saloon
Badges
Playlists
Quests
Create
Leaderboards
Showdown
Live 5
Trivia Bingo
Activity
Puzzle Library
Sporcle Events
Private Events
Virtual Trivia
Globe League
Become a Host
Pub Owners
SporcleCon
Opinionation
Our Games
Videos
Blog
Mobile Apps
Partnerships
Remove Ads and Go Orange
Feedback
Sports
Athletes
MLB
NBA
NHL
NFL
Soccer
Sports Teams
WWE
NCAA
Football
Premier League
Basketball
Baseball
Hockey
Golf
Tennis
Cricket
Rugby
Auto Racing
Olympics
World Cup
Sports
Athletes
MLB
NBA
NHL
NFL
Soccer
Sports Teams
WWE
NCAA
Football
Premier League
Basketball
Baseball
Hockey
Golf
Tennis
Cricket
Rugby
Auto Racing
Olympics
World Cup
Random Quiz
Search Sporcle
×
Quiz Lab
Quiz Lab
Sports
NHL
Type in answers that appear in a list
Type in answers that appear in a list
Classic
Best Score? Go Orange.
Current NHL players with longest tenures Stats
Can you name the players who have been longest in that team (taken from the draft, trade or signing)?
By
Bleu
5m
30 Questions
2,105 Plays
2,105 Plays
2,105 Plays
Comments
Comments
Give Quiz Kudos
Give Quiz Kudos
-
- Ratings
hide this ad
Replay
Link that replays current quiz
Next Quiz
Link to next quiz in quiz playlist
You Got
0%
They Got
Avg Score
33%
Avg Friend Score
Upgrade to see
Score Distribution
Jump to the score distribution portion of the page
Score
0/30
Timer
05:00
0
Plays Today
Team
Player
% Correct
Calgary Flames
Jarome Iginla
63.1%
Detroit Red Wings
Nicklas Lidström
59.1%
Anaheim Ducks
Ryan Getzlaf
58.4%
Atlanta Thrashers
Ilya Kovalchuk
57.8%
Vancouver Canucks
Daniel Sedin
57.2%
New Jersey Devils
Martin Brodeur
56.5%
Ottawa Senators
Daniel Alfredsson
55%
Dallas Stars
Mike Modano
54.2%
Phoenix Coyotes
Shane Doan
54.1%
Tampa Bay Lightning
Vincent Lecavalier
48.3%
Carolina Hurricanes
Rod Brind'Amour
38.3%
Colorado Avalanche
Milan Hejduk
38%
Nashville Predators
David Legwand
36.4%
Montreal Canadiens
Andrei Markov
31.1%
Chicago Blackhawks
Duncan Keith
30.9%
Team
Player
% Correct
New York Rangers
Henrik Lundqvist
30.5%
Boston Bruins
Tim Thomas
30.1%
Toronto Maple Leafs
Tomas Kaberle
28.2%
San Jose Sharks
Evgeni Nabokov
28.2%
Philadelphia Flyers
Simon Gagne
25%
Florida Panthers
Stephen Weiss
22.8%
Pittsburgh Penguins
Brooks Orpik
17.4%
Columbus Blue Jackets
Rostislav Klesla
16.1%
Washington Capitals
Alexander Semin
14.7%
Los Angeles Kings
Alexander Frolov
11.3%
St. Louis Blues
Barret Jackman
11.2%
Buffalo Sabres
Henrik Tallinder
9.2%
Minnesota Wild
Nick Schultz
8.1%
Edmonton Oilers
Fernando Pisani
6.7%
New York Islanders
Radek Martinek
4.7%
Quiz Playlist
Details
Report
Send in Message
Add To Playlist
Classic:
Type in answers that appear in a list
Last Updated: Feb 16, 2017
Quiz Scoreboard
CHALLENGE
Sign Up to Join the Scoreboard
Show All
Scores
Hide
Comments
May contain spoilers
Recently Published
1-10 Letter E Words III
by El_Dandy
Language
2m
One Thing in Common: World Cities II
by knightlancer
Geography
7m
Popular People in 1961
by mucciniale
History
6m
More to Explore
Quiz From the Vault
Featured Blog Post
Where Did the Easter Bunny Come From?
hide this ad
You Might Also Like...
Tags
NHL Quiz
Draft
longest
Player
Signing
taken
team
tenure
trade
Today's Top Quizzes in Sports
Browse Sports
hide this ad
Today's Top Quizzes in NHL
Browse NHL
Top Contributed Quizzes in Sports
1
2022 World Cup Stars
2
Les entraîneurs de l'OM et du PSG au 21e siècle
3
FIFA Club World Cup Champions
4
Criteria MLB: Left Handed Sluggers
5
Les meilleurs buteurs des matchs entre le PSG et l’OM
6
Name the Premier League winners with different clubs
7
Players with Multiple 50 Home Run Seasons
8
MLB Players with Two .350 Batting Average Seasons
9
La finale Lions - Afrique du Sud 2021
10
MLB Hall of Famer by Rings
Explore More
Trending Topics
Kpop
Anime
Disney
Harry Potter
NBA
Marvel
Crossword
WWE
Soccer
Song
Pokémon
NFL
Country
Puzzle
The Office
hide this ad
More By:
Bleu
Quiz
Plays
Rating
Category
Featured
Created
F1 Champion logic puzzle
15,171
2.85
Sports
Mar 18, 2013
Weakest link: 2020 F1 drivers
8,640
4.13
Sports
Jan 30, 2020
F1 circuit logic puzzle
7,618
3.50
Sports
Feb 16, 2015
If US Presidency was a lifetime job
5,705
3.65
History
Apr 13, 2016
1000-game Europeans in NHL
3,667
4.00
Sports
Oct 8, 2009
Go to Creator's Profile
Score Distribution
Quiz Creator Spotlight
Bleu
Follow
Send a Message
Quizzes Created
-
Created Quiz Play Count
-
More By This Creator
Popular Quizzes Today
1
Find the US States - No Outlines Minefield
2
The Countries of the World
3
Popular People in 1961
4
Find the Countries of Europe - No Outlines Minefield
5
1-10 Letter E Words III
6
Find the US States
7
One Thing in Common: World Cities II
8
US States
More Sports Quizzes
NBA Draft Day Suits II
Quiz Lab
Trending Quizzes
1-10 Letter F Words
1-10 Letter G Words
Risky Map Clicking: Next State Alphabetically
1-10 Letter F Words II
Risky Map Clicking: States by Unique Starting Letters
Recently Updated
Leaping Animals
pecheneg
Reality TV Shows (A-Z)
bhenderson79
Rickey Henderson's Hall of Fame Teammates
pecheneg
Champions League XIs: Arsenal
pecheneg
Quick Pick: Celebrities in WWE's Hall of Fame
aduchscher
A-Z Keypad Blitz II
pecheneg
Multiple Oscar Actors
pecheneg
Mystery Phrase Blitz: Oscar 'Best Actors'
pecheneg
F. Scott Fitzgerald Novels
LTH
Pick 3 Villains
ddd62291
Trending Topics
Disney
Marvel
Crossword
Kpop
Harry Potter
Anime
NBA
Song
The Office
NFL
Pokémon
Puzzle
WWE
Soccer
Country
Your Account Isn't Verified!
In order to create a playlist on Sporcle, you need to verify the email address you used during registration. Go to your
Sporcle Settings
to finish the process.
Report this User
Report this user for behavior that violates our
Community Guidelines
.
Details:
Send Report
Go to the Sporcle.com Mobile Site →
Comments